00221nam a2200085Ia 4500008004100000041000800041082001500049100002600064245004500090240625s9999 xx 000 0 und d aeng a808.20 CHA aCHAKRABORTY SHREYASHI aPROPOSAL FOR AUTOMATION OF THE HOUSE BUI